000 00542nam a2200181Ia 4500
008 090123s9999 xx 000 0 und d
082 _b3628
100 _aताम्हाणे प्रभाकर
245 _aअनामिक नाते
250 _a1
260 _c1974
300 _a169
600 _aताम्हाणे प्रभाकर
630 _aअनामिक नाते
700 _aताम्हाणे प्रभाकर
730 _aअनामिक नाते
942 _cBOOK
999 _c41708
_d41708